[Event "IPCA Wch 17th"]
[Site "Ruzomberok"]
[Date "2017.06.05"]
[Round "9"]
[White "Samarth, J Rao"]
[Black "Alekseev, Mikhail"]
[Result "0-1"]
[WhiteElo "1392"]
[BlackElo "1858"]
[PlyCount "84"]
[EventDate "2017.05.28"]
[EventType "swiss"]
[EventRounds "9"]
[EventCountry "SVK"]
[SourceTitle "EXT 2018"]
[Source "ChessBase"]
[SourceDate "2017.10.13"]
[SourceVersion "1"]
[SourceVersionDate "2017.10.13"]
[SourceQuality "1"]

1. d4 Nf6 2. Nf3 g6 3. Bf4 Bg7 4. e3 0-0 5. Be2 c5 6. h3 d5 7. 0-0 Nc6 8. c3 b6 9. Nbd2 cxd4 10. cxd4 Bb7 11. Rc1 Rc8 12. a3 Ne4 13. Nxe4 dxe4 14. Nd2 e5 15. dxe5 Nxe5 16. Bxe5 Bxe5 17. Rxc8 Qxc8 18. Nc4 Bb8 19. Qd4 Qc7 20. g3 b5 21. Rd1 bxc4 22. Bxc4 Qc8 23. Kg2 Qf5 24. Be2 Bc8 25. Rh1 Qe5 26. Qd2 Be6 27. b4 Rc8 28. Ba6 Rf8 29. Be2 Kg7 30. Ba6 Qf6 31. Bb7 Rd8 32. Qc2 Bd5 33. Bxd5 Qf3+ 34. Kh2 Rxd5 35. Rg1 Rf5 36. Rg2 h5 37. h4 Qg4 38. Kg1 Rd5 39. Rh2 Rd1+ 40. Kg2 Qf3+ 41. Kh3 Rg1 42. Qc3+ Kh7 0-1

[Event "IPCA Wch 17th"]
[Site "Ruzomberok"]
[Date "2017.06.03"]
[Round "7"]
[White "Dorozhkina, Mariya"]
[Black "Alekseev, Mikhail"]
[Result "0-1"]
[WhiteElo "1501"]
[BlackElo "1858"]
[PlyCount "148"]
[EventDate "2017.05.28"]
[EventType "swiss"]
[EventRounds "9"]
[EventCountry "SVK"]
[SourceTitle "EXT 2018"]
[Source "ChessBase"]
[SourceDate "2017.10.13"]
[SourceVersion "1"]
[SourceVersionDate "2017.10.13"]
[SourceQuality "1"]

1. d4 Nf6 2. c4 g6 3. Nc3 d5 4. cxd5 Nxd5 5. e4 Nxc3 6. bxc3 Bg7 7. Be3 0-0 8. Qd2 c5 9. Nf3 Bg4 10. Be2 Qa5 11. Rb1 cxd4 12. cxd4 Qxd2+ 13. Nxd2 Bxe2 14. Kxe2 b6 15. Rhc1 Na6 16. a3 Rfc8 17. Nf3 e6 18. Rxc8+ Rxc8 19. Rc1 Rxc1 20. Bxc1 Kf8 21. Kd3 Nb8 22. Kc4 a6 23. a4 Nd7 24. h3 Ke8 25. Be3 f6 26. Ne1 Bf8 27. Nd3 Kd8 28. Nb4 Bxb4 29. Kxb4 Kc7 30. Kc4 Kd6 31. Bd2 Kc6 32. d5+ exd5+ 33. exd5+ Kc7 34. Bb4 Ne5+ 35. Kd4 Kd7 36. f4 Nf7 37. g4 Nd6 38. h4 h5 39. gxh5 gxh5 40. Be1 Nb7 41. Bb4 Nd6 42. Be1 Kc7 43. Kd3 Nb7 44. Kc4 Kd6 45. Bb4+ Kd7 46. Be1 Kc7 47. Bf2 b5+ 48. axb5 Nd6+ 49. Kb4 Nxb5 50. Bc5 Kd7 51. Kc4 Nd6+ 52. Kd3 Nf5 53. Bf2 Kd6 54. Kc4 a5 55. Bc5+ Kd7 56. Bf2 a4 57. Kb4 a3 58. Kxa3 Kd6 59. Kb4 Kxd5 60. Kb5 Ke4 61. Kc5 Kxf4 62. Kd5 Ng7 63. Be1 f5 64. Bc3 Ne8 65. Be5+ Kg4 66. Ke6 f4 67. Bd4 f3 68. Bf2 Ng7+ 69. Ke5 Kh3 70. Kf4 Kg2 71. Bb6 f2 72. Bxf2 Kxf2 73. Kg5 Kg3 74. Kg6 Kxh4 0-1

[Event "IPCA Wch 17th"]
[Site "Ruzomberok"]
[Date "2017.06.01"]
[Round "5"]
[White "Alekseev, Mikhail"]
[Black "Jacko, Vladimir"]
[Result "0-1"]
[WhiteElo "1858"]
[BlackElo "2067"]
[PlyCount "108"]
[EventDate "2017.05.28"]
[EventType "swiss"]
[EventRounds "9"]
[EventCountry "SVK"]
[SourceTitle "EXT 2018"]
[Source "ChessBase"]
[SourceDate "2017.10.13"]
[SourceVersion "1"]
[SourceVersionDate "2017.10.13"]
[SourceQuality "1"]

1. d4 Nf6 2. Nf3 g6 3. c4 c5 4. d5 b5 5. cxb5 a6 6. bxa6 Bxa6 7. Nc3 Bg7 8. e4 Bxf1 9. Kxf1 d6 10. g3 Qb6 11. Kg2 Nbd7 12. Re1 Ng4 13. Re2 0-0 14. Bf4 Rfb8 15. h3 Nge5 16. Nxe5 Nxe5 17. Bxe5 Bxe5 18. Qc1 Qb4 19. Qe1 Ra7 20. Rc1 Rba8 21. a3 Qb3 22. Qd2 Rb8 23. Qc2 Qb7 24. Rd1 Qa6 25. Red2 Rab7 26. Qc1 Qc4 27. Re1 Rb3 28. Rc2 Qa6 29. Qd2 Bxc3 30. bxc3 Rxa3 31. c4 Rb4 32. Rec1 Raa4 33. Qe2 Qb7 34. Qd2 Qa6 35. Qe2 h5 36. h4 Qb7 37. Qd2 Kg7 38. Qc3+ f6 39. Qd2 Qa6 40. Qe2 Rb3 41. Qd2 Qb6 42. Qe2 Raa3 43. Qd2 Rb1 44. Qe2 Rxc1 45. Rxc1 Qb3 46. Kh2 Ra2 47. Qe1 Qf3 48. Kg1 Re2 49. Qf1 Qxe4 50. Qg2 Re1+ 51. Rxe1 Qxe1+ 52. Qf1 Qxf1+ 53. Kxf1 e6 54. dxe6 Kf8 0-1

[Event "IPCA Wch 17th"]
[Site "Ruzomberok"]
[Date "2017.05.31"]
[Round "4"]
[White "Alekseev, Mikhail"]
[Black "Sergeeva, Anna"]
[Result "1-0"]
[WhiteElo "1858"]
[BlackElo "1407"]
[PlyCount "59"]
[EventDate "2017.05.28"]
[EventType "swiss"]
[EventRounds "9"]
[EventCountry "SVK"]
[SourceTitle "EXT 2018"]
[Source "ChessBase"]
[SourceDate "2017.10.13"]
[SourceVersion "1"]
[SourceVersionDate "2017.10.13"]
[SourceQuality "1"]

1. e4 c6 2. d4 d5 3. e5 Bf5 4. Nf3 e6 5. Be2 Nd7 6. 0-0 Qb6 7. c3 0-0-0 8. a4 a5 9. Nh4 Bg6 10. Nxg6 hxg6 11. b4 f6 12. Be3 Qc7 13. b5 fxe5 14. g3 Ngf6 15. bxc6 bxc6 16. Ba6+ Kb8 17. Na3 Ka8 18. Qe2 e4 19. c4 Rb8 20. c5 e5 21. Rfc1 exd4 22. Bxd4 Rb4 23. Bc3 Rxa4 24. Bb5 Rxa3 25. Rxa3 cxb5 26. Qxb5 Qb7 27. Qxa5+ Kb8 28. Qd8+ Qc8 29. Rb1+ Nb6 30. Rxb6# 1-0

[Event "IPCA Wch 17th"]
[Site "Ruzomberok"]
[Date "2017.05.28"]
[Round "1"]
[White "Gurbanov, Andrei"]
[Black "Alekseev, Mikhail"]
[Result "1-0"]
[WhiteElo "2319"]
[BlackElo "1858"]
[PlyCount "77"]
[EventDate "2017.05.28"]
[EventType "swiss"]
[EventRounds "9"]
[EventCountry "SVK"]
[SourceTitle "EXT 2018"]
[Source "ChessBase"]
[SourceDate "2017.10.13"]
[SourceVersion "1"]
[SourceVersionDate "2017.10.13"]
[SourceQuality "1"]

1. d4 Nf6 2. g3 g6 3. Bg2 d5 4. Nf3 Bg7 5. 0-0 0-0 6. c4 dxc4 7. Na3 c3 8. bxc3 c5 9. Nc4 Nc6 10. Nfe5 Be6 11. Nxc6 bxc6 12. Ne5 Bd5 13. Nxc6 Qd6 14. Ne5 Bxg2 15. Kxg2 Ne4 16. Bb2 Rab8 17. Rb1 Rfd8 18. Nf3 Qd5 19. Qd3 cxd4 20. cxd4 Ng5 21. Ba3 e5 22. Rxb8 Rxb8 23. dxe5 Qxd3 24. exd3 Nxf3 25. Kxf3 Bxe5 26. Bc5 Rc8 27. d4 Bg7 28. Rb1 Bf8 29. Rb5 Bxc5 30. dxc5 f5 31. Kf4 Re8 32. Rb4 Kf7 33. c6 Ke6 34. c7 Kd7 35. Ra4 Kxc7 36. Rxa7+ Kd6 37. Rxh7 Re2 38. f3 Rxa2 39. Kg5 1-0

[Event "RUS IPCA-ch"]
[Site "Nalchik"]
[Date "2016.05.03"]
[Round "4"]
[White "Alekseev, Mikhail"]
[Black "Korenchuk, Alexander"]
[Result "0-1"]
[WhiteElo "1771"]
[BlackElo "2124"]
[PlyCount "102"]
[EventDate "2016.04.30"]
[EventType "swiss"]
[EventRounds "9"]
[EventCountry "RUS"]
[SourceTitle "CBM 172 Extra"]
[Source "ChessBase"]
[SourceDate "2016.06.21"]
[SourceVersion "1"]
[SourceVersionDate "2016.06.21"]
[SourceQuality "1"]

1. d4 c6 2. c4 Nf6 3. Nc3 d5 4. e3 a6 5. Nf3 Nbd7 6. cxd5 cxd5 7. Bd3 e6 8. 0-0 Bd6 9. e4 dxe4 10. Nxe4 Nxe4 11. Bxe4 Nf6 12. Bc2 b5 13. Bg5 Bb7 14. a4 h6 15. Bh4 Qc7 16. axb5 axb5 17. Rxa8+ Bxa8 18. Bd3 Bc6 19. Qe2 Qb7 20. Rc1 0-0 21. Bxf6 gxf6 22. Nh4 Rd8 23. Qg4+ Kf8 24. Bh7 Ke7 25. Qg7 Be8 26. Qxh6 Qd5 27. Re1 Kd7 28. Bd3 Be7 29. Qd2 Rb8 30. Nf3 Bd6 31. Ra1 b4 32. Qc1 Rc8 33. Qe3 Rc7 34. Be4 Qb5 35. Ne1 f5 36. Bd3 Qd5 37. Nf3 f4 38. Qe2 Ke7 39. Be4 Qh5 40. d5 Bd7 41. Rd1 e5 42. Nd4 Qxe2 43. Nxe2 f5 44. Bb1 Bb5 45. Nc1 e4 46. Nb3 Ba4 47. Ba2 Be5 48. h3 Kd6 49. Rd2 e3 50. Re2 Bxb3 51. Bxb3 Rc1+ 0-1

[Event "Palanga Baltija op-A"]
[Site "Palanga"]
[Date "2014.06.21"]
[Round "9"]
[White "Alekseev, Mikhail"]
[Black "Jaskunaite, Areta"]
[Result "1/2-1/2"]
[WhiteElo "1732"]
[BlackElo "1497"]
[PlyCount "53"]
[EventDate "2014.06.16"]
[EventType "swiss"]
[EventRounds "9"]
[EventCountry "LTU"]
[SourceTitle "CBM 161 Extra"]
[Source "ChessBase"]
[SourceDate "2014.08.29"]
[SourceVersion "1"]
[SourceVersionDate "2014.08.29"]
[SourceQuality "1"]

1. d4 d5 2. c4 e6 3. Nc3 Nf6 4. Bg5 c6 5. e3 Be7 6. Bd3 0-0 7. Nf3 Nbd7 8. 0-0 Re8 9. Qe2 Qc7 10. Rfc1 Qd8 11. e4 Nf8 12. Re1 Nxe4 13. Nxe4 dxe4 14. Bxe7 exd3 15. Bxd8 dxe2 16. Bg5 f6 17. Bd2 Ng6 18. Rxe2 e5 19. dxe5 Bg4 20. Bc3 Bxf3 21. gxf3 Nxe5 22. Bxe5 Rxe5 23. Rxe5 fxe5 24. Rd1 Rf8 25. Rd7 Rf7 26. Rd8+ Rf8 27. Rd7 1/2-1/2

[Event "Palanga Baltija op-A"]
[Site "Palanga"]
[Date "2014.06.20"]
[Round "7"]
[White "Lindermans, Pavels"]
[Black "Alekseev, Mikhail"]
[Result "1-0"]
[WhiteElo "1609"]
[BlackElo "1732"]
[PlyCount "60"]
[EventDate "2014.06.16"]
[EventType "swiss"]
[EventRounds "9"]
[EventCountry "LTU"]
[SourceTitle "CBM 161 Extra"]
[Source "ChessBase"]
[SourceDate "2014.08.29"]
[SourceVersion "1"]
[SourceVersionDate "2014.08.29"]
[SourceQuality "1"]

1. e4 c6 2. Nc3 d5 3. Nf3 Bg4 4. h3 Bxf3 5. Qxf3 e6 6. a3 Nd7 7. d3 Ngf6 8. g3 Bd6 9. Bg2 d4 10. Nb1 Rc8 11. 0-0 h5 12. h4 Ng4 13. Nd2 Be7 14. Qe2 0-0 15. Nf3 c5 16. Bg5 Bxg5 17. Nxg5 e5 18. Rfe1 b5 19. Bh3 Ndf6 20. f3 Ne3 21. Bxc8 Qxc8 22. Rac1 Ne8 23. Kh2 Nd6 24. Nh3 Rd8 25. Nf2 f5 26. Nd1 f4 27. gxf4 exf4 28. Nxe3 dxe3 29. Qg2 c4 30. Qg5 Nxe4 1-0

[Event "Palanga Baltija op-A"]
[Site "Palanga"]
[Date "2014.06.19"]
[Round "6"]
[White "Alekseev, Mikhail"]
[Black "Juksta, Karolis"]
[Result "0-1"]
[WhiteElo "1732"]
[BlackElo "1589"]
[PlyCount "78"]
[EventDate "2014.06.16"]
[EventType "swiss"]
[EventRounds "9"]
[EventCountry "LTU"]
[SourceTitle "CBM 161 Extra"]
[Source "ChessBase"]
[SourceDate "2014.08.29"]
[SourceVersion "1"]
[SourceVersionDate "2014.08.29"]
[SourceQuality "1"]

1. d4 e6 2. c4 f5 3. Nf3 Nf6 4. Nc3 Bb4 5. e3 b6 6. Qb3 a5 7. a3 a4 8. Qxb4 Nc6 9. Qb5 Ra5 10. Nxa4 Rxb5 11. cxb5 Ne7 12. Bc4 Bb7 13. Nc3 0-0 14. b4 Ne4 15. Nxe4 Bxe4 16. a4 f4 17. a5 fxe3 18. Bxe3 Bxf3 19. gxf3 Qa8 20. a6 Rxf3 21. Kd2 Nc8 22. Rhg1 Na7 23. Rg5 d5 24. Be2 Rf7 25. Re5 Qe8 26. Bg4 Rf6 27. Be2 h6 28. Rh5 Qe7 29. Rb1 Qd6 30. f4 Rg6 31. Rh3 Rg2 32. Ke1 Qf8 33. Kf1 Rxe2 34. Kxe2 Qf5 35. Rc1 Qxh3 36. Rxc7 Nxb5 37. Rb7 Qxh2+ 38. Kd3 Qb2 39. Rxb6 Qxb4 0-1

[Event "Palanga Baltija op-A"]
[Site "Palanga"]
[Date "2014.06.18"]
[Round "4"]
[White "Alekseev, Mikhail"]
[Black "Gailiunaite, Saule"]
[Result "0-1"]
[WhiteElo "1732"]
[BlackElo "1669"]
[PlyCount "70"]
[EventDate "2014.06.16"]
[EventType "swiss"]
[EventRounds "9"]
[EventCountry "LTU"]
[SourceTitle "CBM 161 Extra"]
[Source "ChessBase"]
[SourceDate "2014.08.29"]
[SourceVersion "1"]
[SourceVersionDate "2014.08.29"]
[SourceQuality "1"]

1. d4 d5 2. c4 e6 3. Nc3 c5 4. cxd5 exd5 5. Nf3 Nc6 6. dxc5 d4 7. Ne4 Bxc5 8. Nxc5 Qa5+ 9. Bd2 Qxc5 10. Rc1 Qd6 11. g3 Nf6 12. Bg2 0-0 13. 0-0 h6 14. a3 a5 15. Bf4 Qd8 16. Ne5 Ne7 17. Rc4 Nf5 18. g4 Nh4 19. Rxd4 Qb6 20. Nc4 Qe6 21. h3 Nxg2 22. Kxg2 b5 23. Nd6 Bd7 24. Qd3 Bc6+ 25. Kg1 Rad8 26. Rd1 Nd5 27. Rxd5 Bxd5 28. Qxd5 Qxe2 29. Qd2 Qf3 30. Bg3 Rfe8 31. Qd5 Qe2 32. Qxf7+ Kh8 33. Qd5 Rd7 34. Qd2 Qf3 35. Qd3 Re1+ 0-1